000 00439nam a2200157Ia 4500
005 20240607000905.0
008 240331s9999 xx 000 0 und d
082 _bSEX
_a362
100 _aSLAAS. ed
245 4 _aThe sexual exploitation of children :
_bsome expert analyses
260 _aColombo
_bSri Lanka Federation of University Women
_c1993
300 _a22 p.,
650 _aSexual Exploitation
650 _aChildren
942 _cL
999 _c2881
_d2881